<?xml version="1.0" encoding="UTF-8"?>
<record
    xmlns:xsi="http://www.w3.org/2001/XMLSchema-instance"
    xsi:schemaLocation="http://www.loc.gov/MARC21/slim http://www.loc.gov/standards/marcxml/schema/MARC21slim.xsd"
    xmlns="http://www.loc.gov/MARC21/slim">

  <leader>00793nam a22001337a 4500</leader>
  <datafield tag="040" ind1=" " ind2=" ">
    <subfield code="c">RUA </subfield>
  </datafield>
  <datafield tag="082" ind1=" " ind2=" ">
    <subfield code="a">AVM SAM 2011 B092 Or.1</subfield>
  </datafield>
  <datafield tag="100" ind1=" " ind2=" ">
    <subfield code="a">SAM SOTHEA</subfield>
  </datafield>
  <datafield tag="245" ind1=" " ind2=" ">
    <subfield code="a">Producttion comparison of proiler chicken by using (cp) concentrat feed at the experimental university of agriculture, (&#x1794;&#x17D2;&#x179A;&#x17C0;&#x1794;&#x1792;&#x17C0;&#x1794;&#x1795;&#x179B;&#x17B7;&#x178F;&#x1780;&#x1798;&#x17D2;&#x1798;&#x1798;&#x17B6;&#x1793;&#x17CB;&#x179F;&#x17B6;&#x1785;&#x17CB;&#x1788;&#x17D2;&#x1798;&#x17C4;&#x179B; &#x1793;&#x17B7;&#x1784; &#x1789;&#x17B8;&#x179A;&#x1794;&#x179F;&#x17CB;&#x1780;&#x17D2;&#x179A;&#x17BB;&#x1798;&#x17A0;&#x17CA;&#x17BB;&#x1793; &#x179F;&#x17CA;&#x17B8; &#x1797;&#x17B8; (CP) &#x1793;&#x17C5;&#x179F;&#x17D2;&#x1790;&#x17B6;&#x1793;&#x17B8;&#x1799;&#x17CD;&#x1796;&#x17B7;&#x179F;&#x17C4;&#x1792;&#x1793;&#x17CD;&#x179F;&#x178F;&#x17D2;&#x179C;&#x200B; &#x1793;&#x17C3;&#x179F;&#x17B6;&#x1780;&#x179B;&#x179C;&#x17B7;&#x1791;&#x17D2;&#x1799;&#x17B6;&#x179B;&#x17D0;&#x1799;&#x1797;&#x17BC;&#x1798;&#x17B7;&#x1793;&#x17D2;&#x1791;&#x1780;&#x179F;&#x17B7;&#x1780;&#x1798;&#x17D2;&#x1798;)</subfield>
  </datafield>
  <datafield tag="260" ind1=" " ind2=" ">
    <subfield code="a">phnom penh </subfield>
    <subfield code="b">rua</subfield>
    <subfield code="c">2011</subfield>
  </datafield>
  <datafield tag="300" ind1=" " ind2=" ">
    <subfield code="a">x, 43p.</subfield>
    <subfield code="b">ill.</subfield>
    <subfield code="c">29cm.</subfield>
  </datafield>
  <datafield tag="856" ind1=" " ind2=" ">
    <subfield code="u">https://drive.google.com/file/d/1Ar1Sm-hmSpMD-sCBMoxq8lgJ7LNqIYWu/view?usp=sharing</subfield>
  </datafield>
  <datafield tag="942" ind1=" " ind2=" ">
    <subfield code="c">AVM</subfield>
  </datafield>
  <datafield tag="999" ind1=" " ind2=" ">
    <subfield code="c">2405</subfield>
    <subfield code="d">2405</subfield>
  </datafield>
  <datafield tag="952" ind1=" " ind2=" ">
    <subfield code="0">0</subfield>
    <subfield code="1">0</subfield>
    <subfield code="2">ddc</subfield>
    <subfield code="4">0</subfield>
    <subfield code="6">AVM_SAM_2011_000000000000000_B092_OR_1</subfield>
    <subfield code="7">0</subfield>
    <subfield code="9">10706</subfield>
    <subfield code="a">LBB</subfield>
    <subfield code="b">LBB</subfield>
    <subfield code="c">B092</subfield>
    <subfield code="d">2015-10-20</subfield>
    <subfield code="o">AVM SAM 2011 B092 Or.1</subfield>
    <subfield code="p">RUA015454</subfield>
    <subfield code="r">2015-10-20</subfield>
    <subfield code="w">2015-10-20</subfield>
    <subfield code="y">AVM</subfield>
  </datafield>
  <datafield tag="952" ind1=" " ind2=" ">
    <subfield code="0">0</subfield>
    <subfield code="1">0</subfield>
    <subfield code="2">ddc</subfield>
    <subfield code="4">0</subfield>
    <subfield code="6">AVM_SAM_2011_000000000000000_B092_OR_2</subfield>
    <subfield code="7">0</subfield>
    <subfield code="9">10707</subfield>
    <subfield code="a">LBB</subfield>
    <subfield code="b">LBB</subfield>
    <subfield code="c">B092</subfield>
    <subfield code="d">2015-10-20</subfield>
    <subfield code="o">AVM SAM 2011 B092 Or.2</subfield>
    <subfield code="p">RUA015460</subfield>
    <subfield code="r">2015-10-20</subfield>
    <subfield code="w">2015-10-20</subfield>
    <subfield code="y">AVM</subfield>
  </datafield>
  <datafield tag="952" ind1=" " ind2=" ">
    <subfield code="0">0</subfield>
    <subfield code="1">0</subfield>
    <subfield code="2">ddc</subfield>
    <subfield code="4">0</subfield>
    <subfield code="6">AVM_SAM_2011_000000000000000_B092_OR_3</subfield>
    <subfield code="7">0</subfield>
    <subfield code="9">10708</subfield>
    <subfield code="a">LBB</subfield>
    <subfield code="b">LBB</subfield>
    <subfield code="c">B092</subfield>
    <subfield code="d">2015-10-20</subfield>
    <subfield code="o">AVM SAM 2011 B092 Or.3</subfield>
    <subfield code="p">RUA016690</subfield>
    <subfield code="r">2015-10-20</subfield>
    <subfield code="w">2015-10-20</subfield>
    <subfield code="y">AVM</subfield>
  </datafield>
  <datafield tag="952" ind1=" " ind2=" ">
    <subfield code="0">0</subfield>
    <subfield code="1">0</subfield>
    <subfield code="2">ddc</subfield>
    <subfield code="4">0</subfield>
    <subfield code="6">AVM_SAM_2011_000000000000000_B092_OR_4</subfield>
    <subfield code="7">0</subfield>
    <subfield code="9">10709</subfield>
    <subfield code="a">LBB</subfield>
    <subfield code="b">LBB</subfield>
    <subfield code="c">B092</subfield>
    <subfield code="d">2015-10-20</subfield>
    <subfield code="o">AVM SAM 2011 B092 Or.4</subfield>
    <subfield code="p">RUA016618</subfield>
    <subfield code="r">2015-10-20</subfield>
    <subfield code="w">2015-10-20</subfield>
    <subfield code="y">AVM</subfield>
  </datafield>
  <datafield tag="952" ind1=" " ind2=" ">
    <subfield code="0">0</subfield>
    <subfield code="1">0</subfield>
    <subfield code="2">ddc</subfield>
    <subfield code="4">0</subfield>
    <subfield code="6">AVM_SAM_2011_000000000000000_B092_OR_5</subfield>
    <subfield code="7">0</subfield>
    <subfield code="9">36950</subfield>
    <subfield code="a">LBB</subfield>
    <subfield code="b">LBB</subfield>
    <subfield code="c">B092</subfield>
    <subfield code="d">2016-02-03</subfield>
    <subfield code="l">1</subfield>
    <subfield code="o">AVM SAM 2011 B092 Or.5</subfield>
    <subfield code="p">RUA027489</subfield>
    <subfield code="r">2016-09-12</subfield>
    <subfield code="s">2016-09-06</subfield>
    <subfield code="w">2016-02-03</subfield>
    <subfield code="y">AVM</subfield>
  </datafield>
  <datafield tag="952" ind1=" " ind2=" ">
    <subfield code="0">0</subfield>
    <subfield code="1">0</subfield>
    <subfield code="2">ddc</subfield>
    <subfield code="4">0</subfield>
    <subfield code="6">AVM_SAM_2011_000000000000000_B1_234_OR_1</subfield>
    <subfield code="7">0</subfield>
    <subfield code="9">78810</subfield>
    <subfield code="a">LBB</subfield>
    <subfield code="b">LBB</subfield>
    <subfield code="c">B1.234</subfield>
    <subfield code="d">2019-05-27</subfield>
    <subfield code="o">AVM SAM 2011 B1.234 Or.1</subfield>
    <subfield code="p">A38022</subfield>
    <subfield code="r">2019-05-27</subfield>
    <subfield code="w">2019-05-27</subfield>
    <subfield code="y">AVM</subfield>
  </datafield>
</record>
